000 00660nab a2200217 a 4500
005 20220928063626.0
008 991125s1985 mx 000 0 spa u
035 _aUPN01000139493
100 1 _aBolivar Botia, Antonio
222 _aPERSPECTIVA EDUCACIONAL
245 _aCompetencias profesionales y crisis de identidad en el profesorado de secundaria en España
260 _aValparaiso, Chile
300 _a11-36
362 0 _a2004 No. 44, jul.-dic.
653 0 _aEDUCACION SECUNDARIA
653 0 _aIDENTIDAD PROFESIONAL
653 0 _aCOMPETENCIAS
653 0 _aESPAÑA
700 1 2 _aDomingo Segovia, Jesús
_ecoaut.
_942833
905 _aArticulo
999 _c111641
_d111641